banner koha

O agronegócio da caprino-ovinocultura no Nordeste brasileiro (Registro n. 85527)

MARC details
000 -LÍDER
campo de controle de tamanho fixo 01195nam a22004217a 4500
001 - NÚMERO DE CONTROLE
campo de controle BR2020000431
003 - IDENTIFICADOR DO NÚMERO DE CONTROLE
campo de controle BR-BrBNA
005 - DATA E HORÁRIO DA ÚLTIMA TRANSAÇÃO
campo de controle 20230928105528.0
007 - CAMPO FIXO DE DESCRIÇÃO FÍSICA--INFORMAÇÃO GERAL
campo de controle de tamanho fixo ta
008 - CAMPO DE DADOS FIXOS--INFORMAÇÃO GERAL
campo de controle de tamanho fixo 230509b bl.||||| |||| 00| 0 por d
020 ## - ISBN - INTERNATIONAL STANDARD BOOK NUMBER
ISBN - International Standard Book Number 85-87062-60-3
040 ## - FONTE DA CATALOGAÇÃO
Instituição da catalogação original BR-BrBNA
Idioma da catalogação por
Instituição que transcreveu o registro Biblioteca Nacional de Agricultura
041 ## - CÓDIGO DE IDIOMA
Código do idioma do texto/trilha sonora ou título diferente (Por)
072 ## - CÓDIGO DE CATEGORIA DE ASSUNTO
Código de Categoria de Assunto L01; L10; L70
Código do objeto 5240
-- 5250
090 ## - NÚMERO DE CHAMADA LOCAL
-- 5240 BR2020000431
100 1# - ENTRADA PRINCIPAL--NOME PESSOAL
Nome pessoal Nogueira Filho, A.
100 1# - ENTRADA PRINCIPAL--NOME PESSOAL
Nome pessoal Kasprzykowski, J.W.A.
110 1# - ENTRADA PRINCIPAL--NOME CORPORATIVO
Nome corporativo ou nome da jurisdição Banco do Nordeste do Brasil, Fortaleza, CE (Brasil)
9 (RLIN) 1130
245 1# - TÍTULO
Título O agronegócio da caprino-ovinocultura no Nordeste brasileiro
Restante do título Série documentos do Etene n. 09
260 3# - PUBLICAÇÃO, DISTRIBUIÇÃO, ETC.
Local de publicação, distribuição, etc. Fortaleza, CE (Brasil):
Data da publicação, distribuição, etc. 2006.
300 ## - DESCRIÇÃO FÍSICA
Extensão 56 p.
500 ## - NOTA GERAL
Nota geral 15 ref.; 1 illus.; 7 tables
650 ## - ASSUNTO--TERMO TÓPICO
Cabeçalho tópico ou nome geográfico PECUÁRIA
650 ## - ASSUNTO--TERMO TÓPICO
Cabeçalho tópico ou nome geográfico CAPRINOCULTURA
650 ## - ASSUNTO--TERMO TÓPICO
Cabeçalho tópico ou nome geográfico OVINOCULTURA
650 ## - ASSUNTO--TERMO TÓPICO
Cabeçalho tópico ou nome geográfico SISTEMA DE PRODUÇÃO
650 ## - ASSUNTO--TERMO TÓPICO
Cabeçalho tópico ou nome geográfico TECNOLOGIA
650 ## - ASSUNTO--TERMO TÓPICO
Cabeçalho tópico ou nome geográfico BIOTECNOLOGIA
650 ## - ASSUNTO--TERMO TÓPICO
Cabeçalho tópico ou nome geográfico MANEJO
650 ## - ASSUNTO--TERMO TÓPICO
Cabeçalho tópico ou nome geográfico PROCESSAMENTO
650 ## - ASSUNTO--TERMO TÓPICO
Cabeçalho tópico ou nome geográfico ABATE
650 ## - ASSUNTO--TERMO TÓPICO
Cabeçalho tópico ou nome geográfico CORTE
650 ## - ASSUNTO--TERMO TÓPICO
Cabeçalho tópico ou nome geográfico SANIDADE ANIMAL
650 ## - ASSUNTO--TERMO TÓPICO
Cabeçalho tópico ou nome geográfico CADEIA PRODUTIVA
650 ## - ASSUNTO--TERMO TÓPICO
Cabeçalho tópico ou nome geográfico NORDESTE
909 ## -
-- 202309
-- Lucia
-- 55
-- Lucia Elande
942 ## - ELEMENTOS DE ENTRADA ADICIONADOS (KOHA)
Tipo de material Koha Livros
Exemplares
Situação do descarte Fonte da classificação ou esquema de arquivamento na estante Situação física Não pode ser emprestado Biblioteca de origem Biblioteca atual Total de empréstimos Número de telefone completo Código de barras Data de último acesso Número do exemplar Tipo de material Koha Situação das perdas Data de aquisição Fonte de aquisição Qualificador de local codificado Custo, preço normal de compra Número do inventário Custo, preço de reposição Preço efetivo de
  Classificação AGRIS     Biblioteca Nacional de Agricultura - Binagri Biblioteca Nacional de Agricultura - Binagri   5240 BR2020000431 2025-6786 25/09/2023 01 Livros   2023-09-25 Portaria Interministerial nº 164/94          

BINAGRI

Telefone: (61)3218-2567/2388/3357/2097 - binagri@agro.gov.br

Ministério da Agricultura e Pecuária , Esplanada dos Ministérios, Bloco D, Anexo B, Brasília/DF, CEP: 70.043-900